000 01121nam a22003257a 4500
003 CHAP
005 20230629062632.0
008 971013s1986 r 00010 d
010 _a30332
011 _a31304
035 _a35416
040 _cCHAP
100 0 0 _aMandujano Alemán, Vicente.
_970355
245 _aMarchitez bacterial de las solánaceas causadas por Psudomonas solanacearum
260 _aMarín, N.L. :
_bEl autor,
_c1986
300 _a32 h.
_b; mapas
500 _aTesos (Ing. Agrónomo Parasitólogo) -- Universidad Autónoma de Nuevo León. Fac. de Agronomía
590 _aBATCH-UPD
_b10
_c20130109
_lUCH01
_h2355
590 _aBATCH-UPD
_b10
_c20130110
_lUCH01
_h0946
590 _aBATCH-UPD
_b10
_c20130409
_lUCH01
_h1928
590 _aBATCH-UPD
_b10
_c20130410
_lUCH01
_h0601
590 _aBATCH-UPD
_b10
_c20130914
_lUCH01
_h0519
590 _aCONVERSION
_b10
_c20130109
_lUCH01
_h1317
650 1 4 _aBacterium solanacearum.
_99343
650 1 7 _aPapas
_xEnfermedades
_2
_985227
650 1 4 _aSolanáceas.
_9108358
901 _aBK
942 _cTESIS
949 _bBC
_cTES
_d-81874
_eTS1
_h19969
_i35416
_mD
_si
999 _c30332
_d30332